000 00972nam a2200229Ia 4500
999 _c39558
_d39558
001 6157
003 GE_BSU
005 20191220170337.0
008 181216s1969||||g |||||||||||||| ||geo||
040 _cGE_BSU
041 _ageo
080 _a821.353.1-32 გ-42
100 _aგეწაძე, აკაკი.
_95853
245 _aგაქვავებული მზე :
_bმოთხრობები /
_cაკაკი გეწაძე ; რედ. ნ. ლორთქიფანიძე ; მხატვ. ვ. ხიდეშელი.
264 _aთბილისი :
_bნაკადული,
_c1969.
300 _a159 გვ. ;
_c16 სმ.
653 _aგაქვავებული მზე
653 _aმოთხრობები
700 _aლორთქიფანიძე, ნ.
_eრედაქტორი
_92974
700 _aხიდეშელი, ვ.
_eმხატვარი
_95859
942 _cBK
_2udc